Statistiques concernant Equipe de France de football (2017)

Cliquez ici pour prendre le quiz!

Statistiques générales

  • Ce quiz a été pris 442 fois
  • Le résultat moyen est 21 sur 26

Statistiques - réponses

HintRéponse% Correct
1GardienHugo LlorisTottenham Hotspur
99%
4DéfenseurRaphael VaraneReal Madrid
96%
7AttaquantAntoine GriezmannAtlético Madrid
95%
6MilieuPaul PogbaManchester United
95%
13MilieuN'Golo KantéChelsea FC
92%
9AttaquantOlivier GiroudArsenal FC
92%
12AttaquantKylian MbappéAS Monaco
91%
14MilieuBlaise MatuidiParis Saint-Germain
90%
16GardienAlphonse AreolaParis Saint-Germain
89%
11AttaquantOusmane DembéléBorussia Dortmund
88%
22DéfenseurSamuel UmtitiFC Barcelone
88%
10AttaquantDimitri PayetOlympique de Marseille
86%
5DéfenseurPresnel KimpembeParis Saint-Germain
86%
15MilieuAdrien RabiotParis Saint-Germain
83%
24MilieuCorentin TolissoBayern Munich
83%
26AttaquantFlorian ThauvinOlympique de Marseille
83%
23GardienBenoît CostilGirondins de Bordeaux
80%
3DéfenseurBenjamin MendyManchester City
79%
20AttaquantAlexandre LacazetteArsenal FC
77%
8AttaquantThomas LemarAS Monaco
77%
21DéfenseurLaurent KoscielnyArsenal FC
76%
18MilieuMoussa SissokoTottenham Hotspur
76%
17DéfenseurLucas DigneFC Barcelone
74%
19DéfenseurDjibril SidibéAS Monaco
73%
2DéfenseurChristophe JalletOGC Nice
46%
25DéfenseurKurt ZoumaStoke City
40%

Distribution des résultats

Percentile par nombre de réponses

% des personnes avec chaque résultat

Votre développement - résultats

Vous n’avez pas pris ce quiz